[Event "DVM U14 2013"]
[Site "Magdeburg GER"]
[Date "2013.12.28"]
[Round "3"]
[White "Bauer, Björn-Benny"]
[Black "Rockmann, Jan-Okke"]
[Result "0-1"]
[Termination "normal"]
[Board "1.1"]
[WhiteElo "2011"]
[BlackElo "1752"]
[WhiteTeam "SK Gau-Algesheim"]
[BlackTeam "SK Bremen-Nord"]
[WhiteFideId "24698741"]
[BlackFideId "12942111"]
[EventCountry "GER"]
[EventRounds "7"]
[EventType "team-swiss"]
[EventDate "2013.12.26"]

1. d4 f5 2. c4 Nf6 3. g3 e6 4. Bg2 d5 5. Nf3 Bd6 6. O-O O-O 7. Nc3 c6 8. c5 Bc7
9. b4 Nbd7 10. Bf4 Ne4 11. Qc1 a5 12. a3 axb4 13. axb4 Rxa1 14. Qxa1 h6 15.
Bxc7 Qxc7 16. Nxe4 fxe4 17. Nd2 e5 18. f3 exf3 19. exf3 exd4 20. Qxd4 Qe5 21.
Qd3 Re8 22. Bh3 Nxc5 23. bxc5 Bxh3 24. Rb1 Bf5 0-1

[Event "DVM U14 2013"]
[Site "Magdeburg GER"]
[Date "2013.12.28"]
[Round "3"]
[White "Grieb, Lukas"]
[Black "Reimers, Kim"]
[Result "1-0"]
[Termination "normal"]
[Board "1.3"]
[WhiteElo "1599"]
[BlackElo "1645"]
[WhiteTeam "SK Gau-Algesheim"]
[BlackTeam "SK Bremen-Nord"]
[WhiteFideId "1271993"]
[BlackFideId "12930377"]
[EventCountry "GER"]
[EventRounds "7"]
[EventType "team-swiss"]
[EventDate "2013.12.26"]

1. e4 e6 2. d4 d5 3. Nd2 h6 4. Ngf3 Nf6 5. Bd3 c5 6. c3 Nc6 7. O-O g5 8. exd5
Nxd5 9. Bb5 Bd7 10. Bxc6 Bxc6 11. dxc5 Nf4 12. Ne5 Bxg2 13. Qa4+ Ke7 14. Rd1
Qc7 15. Ndc4 Bd5 16. Bxf4 gxf4 17. Rxd5 Rg8+ 18. Kh1 exd5 19. Re1 dxc4 20. Ng4+
1-0

[Event "DVM U14 2013"]
[Site "Magdeburg GER"]
[Date "2013.12.28"]
[Round "3"]
[White "Hartge, Gedeon"]
[Black "Bergauz, Noam"]
[Result "0-1"]
[Termination "normal"]
[Board "2.1"]
[WhiteElo "1808"]
[BlackElo "1972"]
[WhiteTeam "USV Volksbank Halle"]
[BlackTeam "SK München Südost"]
[WhiteFideId "12932116"]
[BlackFideId "12938033"]
[EventCountry "GER"]
[EventRounds "7"]
[EventType "team-swiss"]
[EventDate "2013.12.26"]

1. d4 Nf6 2. Nf3 g6 3. c4 Bg7 4. Nc3 O-O 5. e4 d6 6. Be2 e5 7. d5 Nbd7 8. O-O
Nc5 9. Qc2 a5 10. Be3 b6 11. a3 Ng4 12. Bxc5 bxc5 13. h3 Nh6 14. Ne1 f5 15. f3
Nf7 16. Nd3 Bh6 17. Nd1 Qh4 18. N1f2 Be3 19. Kh1 Ng5 20. Qd1 fxe4 0-1

[Event "DVM U14 2013"]
[Site "Magdeburg GER"]
[Date "2013.12.28"]
[Round "3"]
[White "Leeb, Simon"]
[Black "Schulte, Felix"]
[Result "1-0"]
[Termination "normal"]
[Board "2.2"]
[WhiteElo "1789"]
[BlackElo "1810"]
[WhiteTeam "SK München Südost"]
[BlackTeam "USV Volksbank Halle"]
[WhiteFideId "12924768"]
[BlackFideId "12914800"]
[EventCountry "GER"]
[EventRounds "7"]
[EventType "team-swiss"]
[EventDate "2013.12.26"]

1. d4 Nf6 2. c4 c5 3. d5 b5 4. cxb5 a6 5. f3 axb5 6. e4 d6 7. Bxb5+ Bd7 8.
Bxd7+ Nbxd7 9. Bd2 g6 10. Na3 Bg7 11. Nc4 O-O 12. Bc3 Qc7 13. Ne2 Rfb8 14. Qd2
Ne8 15. O-O Nb6 16. Ne3 Bh6 17. f4 Na4 18. Ng4 Bf8 19. f5 Nxc3 20. bxc3 Qd7 21.
Nh6+ Bxh6 22. Qxh6 Nf6 23. h4 Rb2 24. Nf4 Ng4 25. Qg5 Ne5 26. fxg6 hxg6 27. h5
Kg7 28. hxg6 fxg6 29. Ne6+ Kh7 30. Qh4+ Kg8 31. Qh6 1-0

[Event "DVM U14 2013"]
[Site "Magdeburg GER"]
[Date "2013.12.28"]
[Round "3"]
[White "Kretzschmar, Arnd"]
[Black "Bergauz, Igal"]
[Result "0-1"]
[Termination "normal"]
[Board "2.3"]
[WhiteElo "1847"]
[BlackElo "1665"]
[WhiteTeam "USV Volksbank Halle"]
[BlackTeam "SK München Südost"]
[WhiteFideId "12914835"]
[BlackFideId "12977284"]
[EventCountry "GER"]
[EventRounds "7"]
[EventType "team-swiss"]
[EventDate "2013.12.26"]

1. e4 c6 2. d4 d5 3. exd5 cxd5 4. Bd3 Nf6 5. c3 Bg4 6. Qb3 Qc7 7. Bg5 e6 8. Nd2
Be7 9. Ngf3 Nbd7 10. O-O O-O 11. Rae1 h6 12. Bh4 a6 13. Bg3 Qc6 14. Ne5 Nxe5
15. Bxe5 Nd7 16. Bg3 b5 17. a3 g5 18. h3 Bh5 19. Bh2 f5 20. Bxf5 Rxf5 21. g4
Bxg4 22. hxg4 Rf6 23. Re3 Bd6 24. Nf3 Bf4 25. Bxf4 gxf4 26. Ne5 Nxe5 27. Rxe5
f3 28. Qc2 Qe8 29. Kh2 Ra7 30. Kh3 Rg7 31. Rg1 Qf7 32. Rg3 Rf4 33. Qd3 Qf6 34.
Qe3 Re7 35. g5 hxg5 36. Rexg5+ Kf7 37. Rg7+ Ke8 38. Rxe7+ Kxe7 39. Rg4 Qh6+ 40.
Kg3 Rxg4+ 41. Kxg4 Qxe3 42. fxe3 f2 43. Kg3 f1=Q 0-1

[Event "DVM U14 2013"]
[Site "Magdeburg GER"]
[Date "2013.12.28"]
[Round "3"]
[White "Huber, Benedikt"]
[Black "Perekhozhuk, Maksym"]
[Result "1-0"]
[Termination "normal"]
[Board "2.4"]
[WhiteElo "1696"]
[BlackElo "1731"]
[WhiteTeam "SK München Südost"]
[BlackTeam "USV Volksbank Halle"]
[WhiteFideId "12923583"]
[BlackFideId "12914860"]
[EventCountry "GER"]
[EventRounds "7"]
[EventType "team-swiss"]
[EventDate "2013.12.26"]

1. d4 Nf6 2. Nc3 g6 3. e4 d6 4. f4 Bg7 5. Nf3 O-O 6. a3 a5 7. Bd3 b6 8. O-O Bb7
9. h3 Nc6 10. d5 Nb8 11. Re1 c6 12. Bc4 cxd5 13. exd5 Qc7 14. Qe2 Re8 15. Kh1
Nh5 16. Kh2 Nf6 17. g4 Nbd7 18. a4 Rac8 19. Ba2 Qc5 20. Be3 Qb4 21. Bc1 Nc5 22.
Ng5 Nxa4 23. Nxa4 Qxa4 24. c4 Ba6 25. b3 Qd7 26. Qe3 h6 27. Nf3 Nxd5 28. cxd5
Bxa1 29. f5 Bg7 30. Bb1 Rc3 31. Qe4 gxf5 32. gxf5 f6 33. Qg4 Rxb3 34. Rg1 e5
35. fxe6 Qc7 36. Bxh6 Re7 37. Qg6 Rxb1 38. Qxb1 a4 39. Nh4 Qc5 40. Nf5 Qc7 41.
Nxe7+ Qxe7 42. Rxg7+ Qxg7 43. Bxg7 Kxg7 44. Qxb6 1-0

[Event "DVM U14 2013"]
[Site "Magdeburg GER"]
[Date "2013.12.28"]
[Round "3"]
[White "Kololli, Kevin"]
[Black "Weis, Olga"]
[Result "1/2-1/2"]
[Termination "normal"]
[Board "3.1"]
[WhiteElo "1987"]
[BlackElo "1736"]
[WhiteTeam "Lübecker SV"]
[BlackTeam "OSG Baden-Baden"]
[WhiteFideId "12936863"]
[BlackFideId "1270234"]
[EventCountry "GER"]
[EventRounds "7"]
[EventType "team-swiss"]
[EventDate "2013.12.26"]

1. e4 e5 2. Nf3 Nc6 3. Bb5 a6 4. Ba4 Nf6 5. O-O b5 6. Bb3 Be7 7. Re1 d6 8. c3
O-O 9. h3 Nb8 10. d4 Nbd7 11. Nbd2 Bb7 12. a4 c5 13. Bc2 Qc7 14. Nf1 Rfc8 15.
d5 Bf8 16. Ng3 g6 17. h4 h5 18. Re2 c4 19. Nh2 Ng4 20. Nxg4 hxg4 21. Re1 Nf6
22. Bg5 Bg7 23. Bxf6 Bxf6 24. Qxg4 Qe7 25. h5 Bg5 26. hxg6 fxg6 27. Ne2 Rf8 28.
Rf1 Kg7 29. axb5 axb5 30. Rxa8 Bxa8 31. f4 Qa7+ 32. Rf2 Bxf4 33. Nxf4 Rxf4 34.
Qe2 Qa1+ 35. Bd1 Rxf2 36. Kxf2 Qa7+ 37. Qe3 Qa1 38. Qd2 Qa7+ 39. Kg3 Qe7 40.
Bg4 Bb7 41. Be6 Qd8 42. Qe3 Bc8 43. Qa7+ Kh6 44. Bxc8 Qxc8 45. Qe7 Qc5 46. Qf8+
Kh7 47. Kg4 Qe3 48. Qf7+ Kh6 49. Qf8+ Kh7 50. Qf7+ Kh6 51. Qf8+ Kh7 1/2-1/2

[Event "DVM U14 2013"]
[Site "Magdeburg GER"]
[Date "2013.12.28"]
[Round "3"]
[White "Toptschiev, David"]
[Black "Rieß, Alexander"]
[Result "0-1"]
[Termination "normal"]
[Board "3.2"]
[WhiteElo "1835"]
[BlackElo "1776"]
[WhiteTeam "OSG Baden-Baden"]
[BlackTeam "Lübecker SV"]
[WhiteFideId "12968005"]
[BlackFideId "12953326"]
[EventCountry "GER"]
[EventRounds "7"]
[EventType "team-swiss"]
[EventDate "2013.12.26"]

1. c4 e5 2. Nc3 Nc6 3. g3 g6 4. Bg2 Bg7 5. e3 d6 6. Nge2 Nge7 7. O-O O-O 8. d4
f5 9. d5 Nb8 10. b3 Nd7 11. Bb2 Nf6 12. Rc1 g5 13. f4 Ng6 14. Rc2 Ng4 15. Bc1
gxf4 16. exf4 Qe7 17. h3 Nf6 18. Bf3 a6 19. Kh2 Bd7 20. a4 Kh8 21. Re1 Rae8 22.
Bd2 Qf7 23. Bc1 Qe7 24. Bd2 Qf7 25. Bc1 Rg8 26. Bd2 Bf8 27. Rg1 Qg7 28. Qc1 h5
29. h4 e4 30. Bg2 Ng4+ 31. Kh1 Nxh4 32. gxh4 Nf2+ 33. Kh2 Qg4 34. Qf1 Qxh4+ 35.
Bh3 Rxg1 36. Nxg1 e3 37. Be1 Qxf4+ 38. Kg2 Nxh3 39. Nxh3 Qg4+ 40. Kh2 Bg7 41.
Rg2 Be5+ 42. Bg3 Bxc3 43. Bxd6 e2 44. Qc1 e1=Q 45. Qh6+ Kg8 46. Rxg4+ hxg4 47.
Qg6+ Bg7 48. Bg3 Re2+ 49. Nf2 Rxf2+ 50. Bxf2 Qxf2+ 51. Kh1 g3 0-1

[Event "DVM U14 2013"]
[Site "Magdeburg GER"]
[Date "2013.12.28"]
[Round "3"]
[White "Tiedemann, Fin Niklas"]
[Black "Jurga, Jonas Vincent"]
[Result "1/2-1/2"]
[Termination "normal"]
[Board "3.3"]
[WhiteElo "1526"]
[BlackElo "1641"]
[WhiteTeam "Lübecker SV"]
[BlackTeam "OSG Baden-Baden"]
[WhiteFideId "12936936"]
[BlackFideId "12968013"]
[EventCountry "GER"]
[EventRounds "7"]
[EventType "team-swiss"]
[EventDate "2013.12.26"]

1. e4 c5 2. Nf3 Nc6 3. d4 cxd4 4. Nxd4 g6 5. Be3 Bg7 6. c3 Nf6 7. Nd2 O-O 8.
Bd3 d5 9. Nxc6 bxc6 10. f3 a5 11. O-O Re8 12. e5 Nd7 13. f4 e6 14. Nf3 f6 15.
exf6 Bxf6 16. Bd4 c5 17. Bxf6 Qxf6 18. Qd2 Ba6 19. Bxa6 Rxa6 20. Rae1 c4 21.
Ne5 Nc5 22. Qd4 Ne4 23. Rxe4 dxe4 24. Qxe4 Raa8 1/2-1/2

[Event "DVM U14 2013"]
[Site "Magdeburg GER"]
[Date "2013.12.28"]
[Round "3"]
[White "Bossert, Felix"]
[Black "Dörp, Max Marian"]
[Result "1-0"]
[Termination "normal"]
[Board "3.4"]
[WhiteElo "1516"]
[BlackElo "1183"]
[WhiteTeam "OSG Baden-Baden"]
[BlackTeam "Lübecker SV"]
[WhiteFideId "12960977"]
[BlackFideId "12983551"]
[EventCountry "GER"]
[EventRounds "7"]
[EventType "team-swiss"]
[EventDate "2013.12.26"]

1. d4 d5 2. Nf3 e6 3. g3 Nf6 4. Bg2 Be7 5. O-O O-O 6. c4 b6 7. Nc3 Bb7 8. Bf4
dxc4 9. Nb5 Bd6 10. Bxd6 cxd6 11. Qa4 a6 12. Nc3 b5 13. Qc2 h6 14. a4 b4 15.
Nb1 d5 16. Nfd2 Nc6 17. e3 a5 18. f4 Ba6 19. Re1 Qb6 20. b3 c3 21. Nf3 Rfe8 22.
Ne5 Rac8 23. Rc1 Ne7 24. h3 Nf5 25. Kf2 Rc7 26. g4 Nd6 27. Ra2 Nfe4+ 28. Kf3 f6
29. Nd3 g5 30. Bf1 Rg7 31. Qd1 gxf4 32. Nxf4 f5 33. Bxa6 Qxa6 34. Rg2 fxg4+ 35.
Rxg4 Rxg4 36. hxg4 Ng5+ 37. Kg2 Nde4 38. Qh1 Kh7 39. Qh5 Rg8 40. Rh1 e5 41.
dxe5 Kg7 42. e6 Rh8 43. Qg6+ Kf8 44. e7+ 1-0

[Event "DVM U14 2013"]
[Site "Magdeburg GER"]
[Date "2013.12.28"]
[Round "3"]
[White "Engel, Johann"]
[Black "Böhning, Kilian"]
[Result "0-1"]
[Termination "normal"]
[Board "4.1"]
[WhiteElo "1769"]
[BlackElo "1924"]
[WhiteTeam "Brühler SK 1920"]
[BlackTeam "Hagener SV"]
[WhiteFideId "12920509"]
[BlackFideId "1270499"]
[EventCountry "GER"]
[EventRounds "7"]
[EventType "team-swiss"]
[EventDate "2013.12.26"]

1. d4 f5 2. c4 g6 3. Nc3 Bg7 4. Nf3 Nf6 5. Bf4 O-O 6. e3 d6 7. Bd3 c6 8. O-O
Nh5 9. Bg5 Qe8 10. d5 h6 11. Bh4 g5 12. Bg3 Nxg3 13. hxg3 Nd7 14. Nd4 Ne5 15.
Be2 c5 16. Nc2 Qg6 17. f4 Ng4 18. Rb1 Bd7 19. Re1 gxf4 20. gxf4 h5 21. g3 b6
22. Bxg4 hxg4 23. Kg2 Rae8 24. Qd3 Bc8 25. a3 e5 26. b4 exf4 27. exf4 Bd7 28.
bxc5 dxc5 29. Qd2 Qf6 30. Nb5 Bxb5 31. Rxb5 Rxe1 32. Nxe1 Qh6 33. Kf1 Qh1+ 34.
Ke2 Qe4+ 35. Kd1 Qxc4 36. Qd3 Qxd3+ 37. Nxd3 Rd8 38. Ke2 Rxd5 39. a4 Kf7 40. a5
Rd6 41. Nc1 Ke6 42. Nb3 Kd5 43. Nd2 Kc6 44. Rb1 b5 45. Rh1 Rh6 46. Rc1 Rh2+ 47.
Ke3 Bd4+ 48. Kd3 Kd5 49. a6 c4+ 50. Nxc4 bxc4+ 51. Rxc4 Rd2+ 0-1

[Event "DVM U14 2013"]
[Site "Magdeburg GER"]
[Date "2013.12.28"]
[Round "3"]
[White "Thierkopf, Constantin"]
[Black "Laubrock, Paul"]
[Result "0-1"]
[Termination "normal"]
[Board "4.3"]
[WhiteElo "1392"]
[BlackElo "1751"]
[WhiteTeam "Brühler SK 1920"]
[BlackTeam "Hagener SV"]
[WhiteFideId "12983608"]
[BlackFideId "1270509"]
[EventCountry "GER"]
[EventRounds "7"]
[EventType "team-swiss"]
[EventDate "2013.12.26"]

1. e4 d5 2. exd5 Qxd5 3. Nc3 Qa5 4. d4 Nf6 5. Bd2 Qb6 6. Bc1 Nc6 7. Bb5 Bd7 8.
Be3 Na5 9. Bxd7+ Nxd7 10. b3 Qc6 11. Nf3 e6 12. O-O Ba3 13. Ne2 b6 14. c4 Nb7
15. Bc1 Bxc1 16. Rxc1 O-O 17. d5 exd5 18. cxd5 Qd6 19. Rc6 Qe7 20. Rxc7 Nbc5
21. Ned4 Qd8 22. d6 a5 23. Re1 Qf6 24. Nc6 Kh8 25. Nfe5 Nxe5 26. Nxe5 Rad8 27.
d7 Qf5 28. Qd5 h6 29. Rd1 Ne6 30. Ra7 Nf4 31. Qd6 Qe4 32. f3 Qe2 33. Qd2 Qxe5
34. Re1 Qg5 35. Kf1 Ne6 36. Qc3 Qb5+ 37. Qc4 Qxc4+ 38. bxc4 Nc5 39. Rd1 f6 40.
Rc7 Kg8 41. Kf2 Kf7 42. Rd6 Na4 43. Ke3 Ke7 44. Rd4 Nc5 45. Rc6 Rxd7 46. Rxb6
Re8 47. Rg4 f5 48. Rgg6 Nd3 49. Rge6+ Kf7 50. Rxe8 Kxe8 51. Rb5 Ne1 52. Kf2 Re7
53. Rxf5 Nd3+ 54. Kg3 a4 55. Ra5 Nb2 56. Kf4 Kf7 57. h4 Rc7 58. Rf5+ Kg8 59.
Ke5 Rxc4 60. g4 Rc5+ 61. Ke4 Rxf5 62. Kxf5 Nd1 63. Ke4 Nc3+ 64. Kd3 Nxa2 65.
Kc2 Nb4+ 66. Kb2 Nd3+ 67. Ka3 Nc5 68. g5 hxg5 0-1

[Event "DVM U14 2013"]
[Site "Magdeburg GER"]
[Date "2013.12.28"]
[Round "3"]
[White "Hoppe, Andreas"]
[Black "Yeritsyan, Artur"]
[Result "1-0"]
[Termination "normal"]
[Board "4.4"]
[WhiteElo "1715"]
[BlackElo "1406"]
[WhiteTeam "Hagener SV"]
[BlackTeam "Brühler SK 1920"]
[WhiteFideId "12922811"]
[BlackFideId "12983616"]
[EventCountry "GER"]
[EventRounds "7"]
[EventType "team-swiss"]
[EventDate "2013.12.26"]

1. e4 e5 2. Nf3 Nc6 3. Bc4 Bc5 4. c3 Nf6 5. d3 d6 6. O-O Bg4 7. Nbd2 O-O 8. Re1
Qd7 9. Nf1 d5 10. exd5 Nxd5 11. h3 Bxf3 12. Qxf3 Rad8 13. Bg5 Be7 14. Bxe7
Ndxe7 15. Rad1 Qf5 16. Qxf5 Nxf5 17. Nh2 Kh8 18. Bb5 Nfe7 19. Nf3 f6 20. Rd2 a6
21. Ba4 b5 22. Bb3 Rd6 23. Red1 Rfd8 24. Kf1 Na5 25. Bc2 c5 26. Ke2 Nec6 27.
Nh4 g6 28. g3 Ne7 29. Ng2 Nd5 30. Ne3 Nb6 31. h4 Kg7 32. Rh1 c4 33. Rhd1 f5 34.
dxc4 Rxd2+ 35. Rxd2 Rxd2+ 36. Kxd2 Naxc4+ 37. Nxc4 Nxc4+ 38. Kc1 f4 39. Bd3
fxg3 40. fxg3 Ne3 41. Kd2 Nf5 42. Bxf5 gxf5 43. Ke3 Kf6 44. b3 h5 45. Kd3 Ke6
46. c4 bxc4+ 47. Kxc4 f4 48. gxf4 exf4 49. Kd3 Kf5 50. b4 Kg4 51. Ke2 Kg3 52.
Kf1 Kxh4 53. a4 Kg3 54. b5 axb5 55. axb5 h4 56. b6 h3 57. Kg1 h2+ 58. Kh1 f3
59. b7 f2 60. b8=Q+ Kf3 61. Qf8+ Ke2 62. Qe7+ Kf3 63. Qf6+ Ke2 64. Qe6+ Kf3 65.
Qh3+ Ke2 66. Qxh2 Ke1 67. Qe5+ Kf1 68. Qa1+ Ke2 69. Kg2 1-0

[Event "DVM U14 2013"]
[Site "Magdeburg GER"]
[Date "2013.12.28"]
[Round "3"]
[White "Fege, Julian"]
[Black "Yang, Daniel"]
[Result "1-0"]
[Termination "normal"]
[Board "5.2"]
[WhiteElo "1557"]
[BlackElo "1566"]
[WhiteTeam "BSV 63 Chemie Weißensee"]
[BlackTeam "SG Porz"]
[WhiteFideId "24699551"]
[BlackFideId "12946273"]
[EventCountry "GER"]
[EventRounds "7"]
[EventType "team-swiss"]
[EventDate "2013.12.26"]

1. e4 c6 2. d4 d5 3. Nc3 dxe4 4. Nxe4 Bf5 5. Ng3 Bg6 6. Nf3 Nf6 7. Ne5 Nbd7 8.
Nxg6 hxg6 9. Bc4 e6 10. Bf4 Nb6 11. Bb3 Nfd5 12. Bd2 Bd6 13. Qf3 Qf6 14. Ne4
Qxf3 15. Nxd6+ Kd7 16. gxf3 Kxd6 17. c4 Rh3 18. cxd5 Nxd5 19. Bxd5 Kxd5 20. Ke2
Rah8 21. Bf4 f6 22. Rac1 b6 23. Bg3 g5 24. Rc3 g6 25. Rhc1 Rc8 26. b4 Rh7 27.
Ke3 e5 28. dxe5 fxe5 29. Rd1+ Ke6 30. Ke4 Re7 31. b5 c5 32. Rd5 Kf7 33. Rxe5
Rd7 34. Rd3 Rxd3 35. Kxd3 Rd8+ 36. Kc3 Kf6 37. Re3 Rd4 38. Be5+ 1-0

[Event "DVM U14 2013"]
[Site "Magdeburg GER"]
[Date "2013.12.28"]
[Round "3"]
[White "Kagan, Dennis"]
[Black "Fabiunke, Jakob"]
[Result "1/2-1/2"]
[Termination "normal"]
[Board "5.3"]
[WhiteElo "1571"]
[BlackElo "1478"]
[WhiteTeam "SG Porz"]
[BlackTeam "BSV 63 Chemie Weißensee"]
[WhiteFideId "12983578"]
[BlackFideId "24686085"]
[EventCountry "GER"]
[EventRounds "7"]
[EventType "team-swiss"]
[EventDate "2013.12.26"]

1. e4 e5 2. Nf3 Nc6 3. Bc4 Bc5 4. c3 Nf6 5. d3 d6 6. Bb3 O-O 7. O-O h6 8. Nbd2
a6 9. h3 Ba7 10. Re1 Re8 11. Nf1 Nh5 12. d4 exd4 13. cxd4 Qf6 14. d5 Ne5 15.
N1h2 Nf4 16. Bxf4 Qxf4 17. Qe2 Bd7 18. Nxe5 Rxe5 19. Qf3 Qg5 20. Qc3 Qd8 21.
Rac1 Bb6 22. Nf3 Re7 23. Nd2 Qe8 24. Bc2 Bf5 25. Qf3 Bg6 26. Nc4 Ba7 27. Na5
Rb8 28. Re2 Qb5 29. Nb3 Rbe8 30. Rce1 f5 31. Bd3 Qd7 32. exf5 Rxe2 33. Rxe2
Rxe2 34. Qxe2 Bxf5 35. Kf1 Bxd3 36. Qxd3 Qf7 37. Qd2 Bb6 38. Na5 Qf5 39. Nxb7
Qb1+ 40. Ke2 Qxa2 41. f3 Qc4+ 42. Kd1 Qa4+ 43. Ke2 Qe8+ 44. Kd1 Qb8 45. Na5
Bxa5 46. Qxa5 Qxb2 47. Qxc7 Qd4+ 48. Ke2 Qxd5 49. Qc8+ Kh7 50. Qxa6 Qe5+ 51.
Kf1 d5 52. Qd3+ Kg8 53. Qe2 Qa1+ 54. Qe1 Qxe1+ 55. Kxe1 {nicht nachvollziehbar}
1/2-1/2

[Event "DVM U14 2013"]
[Site "Magdeburg GER"]
[Date "2013.12.28"]
[Round "3"]
[White "von Angern, Cedric"]
[Black "Berezhnoy, Alex"]
[Result "1/2-1/2"]
[Termination "normal"]
[Board "6.1"]
[WhiteElo "1601"]
[BlackElo "1755"]
[WhiteTeam "SG Aufbau Elbe Magdeburg"]
[BlackTeam "VfSuF Düsseldorf-Süd"]
[WhiteFideId "12921106"]
[BlackFideId "12918997"]
[EventCountry "GER"]
[EventRounds "7"]
[EventType "team-swiss"]
[EventDate "2013.12.26"]

1. e4 e5 2. Nf3 Nf6 3. Nxe5 d6 4. Nf3 Nxe4 5. Nc3 Nf6 6. d4 d5 7. Bg5 Be7 8. h3
O-O 9. Qd2 Bf5 10. Bd3 Bxd3 11. Qxd3 Nc6 12. O-O Nb4 13. Qd2 h6 14. Bf4 c6 15.
Rfe1 Na6 16. a3 Nc7 17. Re2 Ne6 18. Bh2 Re8 19. Rd1 Qb6 20. Qc1 Qa5 21. Qd2 Qb6
22. Qc1 Rad8 23. Be5 Qa6 24. Ree1 Nd7 25. Bg3 Nb6 26. Ne5 Nc4 27. Nxc4 Qxc4 28.
Ne2 Bf6 29. c3 Ng5 30. Nf4 Ne4 31. Nh5 Re6 32. f3 Nxg3 33. Nxg3 Rde8 34. Rxe6
Rxe6 35. Re1 Bg5 36. Qb1 Be3+ 37. Kh1 Bf2 38. Rxe6 fxe6 39. Nh5 Qe2 40. Kh2 Qe1
41. Qxe1 Bxe1 42. Nf4 Kf7 43. Nd3 Bd2 44. Kg3 Be3 45. f4 g5 46. Kf3 gxf4 47.
Nxf4 Bc1 48. Nd3 Bd2 49. Kg4 Kf6 50. a4 b6 51. Kf3 Kf5 52. g3 a5 53. g4+ Kg5
54. Kg3 Be3 55. Kf3 Bg1 56. Kg2 Be3 57. Kf3 Bd2 58. Kg3 Kf6 59. h4 b5 60. axb5
cxb5 61. Kf3 a4 62. Ke2 a3 63. bxa3 Bxc3 64. Ke3 Ba5 65. Kf4 Bc7+ 66. Kf3 Bd8
67. Kf4 Bc7+ 68. Kf3 Bd6 69. Nb4 Kg6 70. Nc2 Be7 71. Kg3 Bd6+ 72. Kf3 e5 73.
dxe5 Bxe5 74. Nb4 Bb2 75. Nxd5 Bxa3 76. Ke4 Bd6 77. Ne3 Bg3 78. Nf5 Be1 79. Kd5
Bf2 80. Nd4 b4 81. Kc4 Bxh4 82. Kxb4 Kg5 83. Nf5 Be1+ 1/2-1/2

[Event "DVM U14 2013"]
[Site "Magdeburg GER"]
[Date "2013.12.28"]
[Round "3"]
[White "Surguchov, Alexander"]
[Black "Rößler, Linus Benedict"]
[Result "1-0"]
[Termination "normal"]
[Board "6.2"]
[WhiteElo "1717"]
[BlackElo "1566"]
[WhiteTeam "VfSuF Düsseldorf-Süd"]
[BlackTeam "SG Aufbau Elbe Magdeburg"]
[WhiteFideId "1272035"]
[BlackFideId "12921076"]
[EventCountry "GER"]
[EventRounds "7"]
[EventType "team-swiss"]
[EventDate "2013.12.26"]

1. d4 Nf6 2. Bf4 d5 3. e3 e6 4. c3 c5 5. Nd2 Be7 6. h3 O-O 7. Ngf3 Nc6 8. Be2
b6 9. O-O Bb7 10. Bh2 Rc8 11. Ne5 cxd4 12. exd4 Nd7 13. f4 Bd6 14. Bd3 Qc7 15.
Qe2 Rce8 16. Rae1 Nf6 17. Qf2 Re7 18. Qh4 Rd8 19. g4 h6 20. Kh1 Ree8 21. Rg1
Kf8 22. g5 Ng8 23. gxh6 Nxh6 24. Qg5 f6 25. Ng6+ Kg8 26. Ne7+ Rxe7 27. Qxh6 f5
28. Nf3 Ree8 29. Rxg7+ Qxg7 30. Rg1 Rd7 31. Rxg7+ Rxg7 32. Ng5 Nd8 33. Bxf5
exf5 34. Qxd6 Nf7 35. Qf6 Rf8 36. Ne6 1-0

[Event "DVM U14 2013"]
[Site "Magdeburg GER"]
[Date "2013.12.28"]
[Round "3"]
[White "Wagner, Tobias"]
[Black "Schmitz, Fabian"]
[Result "1/2-1/2"]
[Termination "normal"]
[Board "6.3"]
[WhiteElo "1423"]
[BlackElo "1484"]
[WhiteTeam "SG Aufbau Elbe Magdeburg"]
[BlackTeam "VfSuF Düsseldorf-Süd"]
[WhiteFideId "12943452"]
[BlackFideId "12965006"]
[EventCountry "GER"]
[EventRounds "7"]
[EventType "team-swiss"]
[EventDate "2013.12.26"]

1. e4 e6 2. d4 d5 3. exd5 exd5 4. Nf3 Nf6 5. Nc3 Nc6 6. Bb5 Be7 7. Ne5 Bd7 8.
Nxd7 Qxd7 9. O-O O-O 10. Re1 Rfe8 11. Bg5 h6 12. Bh4 Ne4 13. Bxe7 Nxc3 14. Bxc6
bxc6 15. bxc3 Rxe7 16. Rb1 Rxe1+ 17. Qxe1 Re8 18. Qd2 Qe6 19. Kf1 Qc8 20. Qd3
Qe6 21. Qd2 Qd6 22. g3 Qa3 23. Re1 Rxe1+ 24. Qxe1 Kf8 25. Qb1 Qa6+ 26. Kg2 Qb6
27. Qb4+ 1/2-1/2

[Event "DVM U14 2013"]
[Site "Magdeburg GER"]
[Date "2013.12.28"]
[Round "3"]
[White "Gula, Julian"]
[Black "Lellek, Lewin Louis"]
[Result "0-1"]
[Termination "normal"]
[Board "6.4"]
[WhiteElo "1617"]
[BlackElo "1270"]
[WhiteTeam "VfSuF Düsseldorf-Süd"]
[BlackTeam "SG Aufbau Elbe Magdeburg"]
[WhiteFideId "12954799"]
[BlackFideId "12971820"]
[EventCountry "GER"]
[EventRounds "7"]
[EventType "team-swiss"]
[EventDate "2013.12.26"]

1. d4 d5 2. c4 e6 3. Nc3 Nf6 4. cxd5 exd5 5. Bg5 Be6 6. e3 Be7 7. Bd3 Nbd7 8.
Nge2 O-O 9. O-O h6 10. Bh4 b6 11. f3 c5 12. e4 cxd4 13. Nxd4 Bc5 14. Bf2 Ne5
15. Nxe6 fxe6 16. exd5 Nxd5 17. Nxd5 exd5 18. Ba6 Qd6 19. a3 Rab8 20. Bb5 Rbd8
21. b4 Bxf2+ 22. Rxf2 d4 23. Bd3 Rfe8 24. Re2 Nxd3 25. Qxd3 Rxe2 26. Qxe2 d3
27. Qe3 Qf6 28. Rd1 Qc3 29. Qc1 Qd4+ 30. Kf1 d2 31. Qc2 Qe3 32. Qc4+ Kh8 33.
Qe2 Qxa3 34. Rxd2 Qc1+ 35. Qe1 Qxd2 36. Qe6 Qc2 0-1

[Event "DVM U14 2013"]
[Site "Magdeburg GER"]
[Date "2013.12.28"]
[Round "3"]
[White "Tong, Kevin"]
[Black "Renger, Niklas"]
[Result "0-1"]
[Termination "normal"]
[Board "7.1"]
[WhiteElo "1674"]
[BlackElo "1727"]
[WhiteTeam "SC Erlangen"]
[BlackTeam "SG Grün-Weiß Dresden"]
[WhiteFideId "12913944"]
[BlackFideId "12908096"]
[EventCountry "GER"]
[EventRounds "7"]
[EventType "team-swiss"]
[EventDate "2013.12.26"]

1. e4 c5 2. Nf3 d6 3. d4 cxd4 4. Nxd4 Nf6 5. Nc3 g6 6. Be3 Bg7 7. f3 O-O 8. Qd2
Nc6 9. Bc4 Bd7 10. g4 Rc8 11. Be2 Ne5 12. O-O-O Nc4 13. Bxc4 Rxc4 14. h4 h5 15.
gxh5 Nxh5 16. Rdg1 Kh7 17. Nce2 f5 18. exf5 Bxf5 19. Nxf5 Rxf5 20. Ng3 Nxg3 21.
Rxg3 Qa5 22. Qxa5 Rxa5 23. a3 Rb5 24. c3 Bxc3 25. bxc3 Rxc3+ 26. Kd2 Rbb3 27.
Bg5 Rd3+ 28. Ke2 Rxa3 29. h5 Rd5 30. hxg6+ Kg7 31. Bh6+ Kg8 32. Rc1 Rc5 33.
Rxc5 dxc5 34. Rg5 Ra2+ 35. Ke3 Rh2 36. Ke4 Rxh6 37. f4 Kg7 38. f5 Rh1 39. Kd5
b6 40. Rg4 Rf1 41. Ke6 Re1+ 42. Kd7 Re5 43. Rf4 b5 44. Kc6 c4 45. Kb7 c3 46.
Rf3 b4 47. Kxa7 c2 0-1

[Event "DVM U14 2013"]
[Site "Magdeburg GER"]
[Date "2013.12.28"]
[Round "3"]
[White "Sack, Carl-Anton"]
[Black "Haas, Maximilian"]
[Result "1/2-1/2"]
[Termination "normal"]
[Board "7.2"]
[WhiteElo "1553"]
[BlackElo "1572"]
[WhiteTeam "SG Grün-Weiß Dresden"]
[BlackTeam "SC Erlangen"]
[WhiteFideId "1270309"]
[BlackFideId "12959219"]
[EventCountry "GER"]
[EventRounds "7"]
[EventType "team-swiss"]
[EventDate "2013.12.26"]

1. e4 e6 2. d4 d5 3. Nd2 Nf6 4. e5 Nfd7 5. Bd3 c5 6. c3 Nc6 7. Ne2 Qb6 8. Nf3
cxd4 9. cxd4 Nb4 10. O-O Nxd3 11. Qxd3 Be7 12. b3 O-O 13. Bg5 f6 14. exf6 Bxf6
15. Bxf6 Nxf6 16. Ng3 Bd7 17. Rfe1 Be8 18. Qe3 Bf7 19. Ng5 Rae8 20. Nxf7 Rxf7
21. Qd2 Rfe7 22. h3 e5 23. Rxe5 Rxe5 24. dxe5 Rxe5 25. Re1 Qe6 26. Rxe5 Qxe5
27. Qa5 a6 28. a4 Qe6 29. Qb4 Qd7 30. Qd4 Kf7 31. f3 Qc7 32. Nf1 b6 33. Qd3
Qc5+ 34. Kh2 b5 35. Ne3 bxa4 36. bxa4 Qc7+ 37. Kg1 Qa5 38. Qd4 Ke6 39. Ng4 Nxg4
40. Qxg4+ Kf6 41. Qf4+ 1/2-1/2